El huesped

I tiakina i:
Ngā taipitopito rārangi puna kōrero
Kaituhi matua: Aguirre, Margarita (Author)
Hōputu: Pukapuka
Reo:Pāniora
I whakaputaina: Santiago Zig-Zag 1966
Putanga:2a. ed
Rangatū:Biblioteca de novelistas
Ngā marau:
Ngā Tūtohu: Tāpirihia he Tūtohu
Kāore He Tūtohu, Me noho koe te mea tuatahi ki te tūtohu i tēnei pūkete!

MARC

LEADER 00000nam a2200000 a 4500
001 UCX4249
003 CL-VaPUC
008 920403e19660000CL |||||||||||||||||spa|d
082 0 4 |a Ch863  |b AGU  |2 21 
100 0 |a Aguirre, Margarita  |e author  |9 320366 
245 1 3 |a El huesped 
250 |a 2a. ed 
300 |a 169 p 
942 |c BK 
945 |d 19920403 00:00:00 
260 |a Santiago  |b Zig-Zag  |c 1966 
650 0 |a Novelas chilenas   |9 265425 
583 |a last modification  |c 19920403 00:00:00  |k Rodrigo Vera 
490 0 |a Biblioteca de novelistas 
999 |c 224757  |d 224755 
952 |0 0  |1 0  |4 0  |6 CH_863_000000000000000_AGU_1966  |7 0  |8 A  |9 221697  |a BIBEDU  |b BIBEDU  |c ES_NOD  |d 2019-11-15  |i 2905582  |o Ch863 AGU 1966  |p 2905582  |r 2023-08-09  |w 2019-11-15  |y BK  |k LIT